Name Claudio Monteverdi’s Operas - Statistics

General Stats
  • This quiz has been taken 37 times
  • The average score is 4 of 7
Answer Stats
Premiered Status Answer % Correct
1607 survives L’Orfeo
94%
1643 survives L'incoronazione di Poppea
67%
1639 survives Il ritorno d'Ulisse in patria
56%
1640 music lost, libretto survives Le nozze d'Enea con Lavinia
39%
1608 fragments L'Arianna
33%
1630 fragments Proserpina rapita
33%
1620 music lost, libretto survives Andromeda
28%
No matching quizzes found
Score Distribution
Percent of People with Each Score
Percentile by Number Answered
Your Score History
You have not taken this quiz